000 00244nam a2200097Ia 4500
008 190216s9999||||xx |||||||||||||| ||und||
100 _aGopikkuttan Nair
245 0 _aAmericayude Sambathika Shashthram
260 _bKerala Basha Inst
942 _cBK
999 _c38381
_d38381